| 000 | 01466nam a22002891 4500 | ||
|---|---|---|---|
| 001 | 106287 | ||
| 003 | ES-MaACL | ||
| 005 | 20260214172104.0 | ||
| 007 | t| | ||
| 008 | 061020s1962 sp |||| | spa d | ||
| 080 | _a82-221"19" | ||
| 100 | 1 |
_aPriestley, J. B. _993870 |
|
| 245 | 1 | 0 |
_aTeatro completo / _cJ.B. Preistley ; prólogo de F.M. Lorda Alaiz ; traducción del inglés por Aurora Bernárdez, Rosa Chacel, Vera Macarow, Juan García-Puente. |
| 260 |
_aMadrid : _bAguilar, _c1962. |
||
| 300 |
_a1 v. ; _c18 cm. |
||
| 490 | 1 | _aBiblioteca de autores modernos | |
| 505 | 8 | _aContiene: Esquina peligrosa -- Edén término -- El tiempo y los Conway -- Yo estuve aquí una vez -- Allende el Jordan -- Música en la noche -- El árbol de los Linden -- El retamal -- Abejas a bordo -- Cuando estamos casados -- Buenas noches niños -- El vellocino de oro -- ¿Cómo están en casa? -- Desde los tiempos del paraíso -- Cornelius -- Viaje por mar -- Llegaron a una ciudad -- Carretera del desierto -- Ha llegado un inspector -- Mañana tendremos hogar -- Sueño de un día de verano | |
| 700 | 1 |
_aBernárdez, Aurora. _928270 |
|
| 700 | 1 |
_aLorda Alaiz, F. M., _d1918-1992 _974084 |
|
| 700 | 1 |
_aChacel, Rosa, _d1898-1994 _937750 |
|
| 700 | 1 |
_aMacarow, Vera. _975056 |
|
| 700 | 1 |
_aGarcía-Puente, Juan. _955139 |
|
| 830 | 0 |
_aBiblioteca de autores modernos _9180767 |
|
| 852 |
_aES-MaACL _jC-23419 |
||
| 999 |
_c106287 _d106287 |
||